000 01050nam a2200313 i 4500
003 DO-SdBNP
005 20241009100027.0
007 ta
008 241007b2011 xxu||||| |||| 00| 0 spa
020 _a9781458382955
040 _aDO-SdBNP
_bspa
_cBNPHU
_erda
082 4 _aRD863.44
_bR696e 2011
_222
100 1 _aRodríguez Soriano, René,
_d1950-
_eautor
_4aut.
_9232
245 1 3 _aEl mal del tiempo /
_cRené Rodríguez Soriano.
250 _aSegunda edición
264 4 _aKingwood, Texas:
_bEditora MediaIsla,
_c2011.
300 _a172 páginas ;
_c23 cm.
336 _2rdacontent
_atexto
_btxt
337 _2rdamedia
_asin mediación
_bn
338 _2rdacarrier
_avolumen
_bnc
490 0 _aColección Juegos con lagartos ;
_v2
500 _aIncluye datos biográficos del autor en la contracubierta
586 _aPremio Novela UCE, 2007
590 _aInventariado, 2024/BT
650 4 _aNovela dominicana
_2LEMB
_9223
650 4 _aLiteratura dominicana
_2LEMB
910 _aBtavárez/Validado. Control de calidad MFF
942 _2ddc
_cLBS1
999 _c57770
_d57770